| 000 | 00837nam1a22002891 4500 | ||
|---|---|---|---|
| 001 | v19\rc\1881612 | ||
| 005 | 20260304151319.0 | ||
| 035 | _a(NLR Aleph) 004988841 | ||
| 090 |
_a6263944 _c6263944 |
||
| 100 | _a20080221d1910 u y0rusy50 ca | ||
| 101 | 0 | _arus | |
| 102 | _aRU | ||
| 105 | _ay z ||||| | ||
| 200 | 1 |
_aЖертвы пауков _eИз жизни падшей. Вып. 1- _fИ.В.[!Г.] Погуляев |
|
| 210 |
_a[Одесса] _cИ.Г. Погуляев _d[1910] |
||
| 215 | _a1 т. | ||
| 700 | 1 |
_aПогуляев _bИ.Г. |
|
| 790 | 1 |
_aПогуляев _bИ. _gИ.В.[!] |
|
| 801 | 0 |
_aRU _bNLR _gpsbo |
|
| 801 | 0 |
_aRU _bRuMoRGB _2psbo |
|
| 801 | 1 |
_aRU _bProSoft-M _2rusmarc |
|
| 852 |
_aNLR _j19.124.4.33(1) |
||
| 899 |
_aRuMoRGB _jМК |
||
| 899 |
_aRuMoRGB _jW 287/82 |
||
| 942 | _cUNSPEC | ||
| 980 | _aNB | ||